Carla's Song - Harry Styles (All Lyrics) - Statistics

General Stats
  • This quiz has been taken 58 times
  • The average score is 418 of 459
Answer Stats
Lyrics % Correct
a
100%
I
100%
the
100%
There
100%
there
100%
there--)
100%
you
100%
you)
100%
all
97%
Can
97%
can
97%
for
97%
it
97%
It's
97%
(It's
97%
know,
97%
know
97%
what
97%
is
95%
like
95%
like,
95%
to
95%
waitin'
95%
your
95%
don't,
92%
don't
92%
really
92%
that
92%
If
90%
bridge
87%
hear
87%
leads
87%
then
87%
troubled
82%
anytime
79%
waters
79%
have
74%
mind
74%
read
74%
voice
74%
in
72%
You've
72%
eyes,
69%
eyes
69%
you'll
69%
head
67%
Call
64%
(Call
64%
From
64%
wanna
64%
wanna)
64%
light
62%
news?
62%
Delivering
59%
toes
59%
baby
56%
bar
56%
been
56%
discovered
56%
heavenly
56%
on
56%
Through
56%
candy
54%
sleeping
54%
Melodies
49%
summer
49%
upon
49%
awe
46%
gold
46%
open
46%
Saw
46%
that's
46%
tide
46%
changing
41%
'Til
38%
or
10%
Ignorance
8%
innocence
8%
No matching quizzes found
Score Distribution
Percent of People with Each Score
Percentile by Number Answered
Your Score History
You have not taken this quiz